000 00722nam a2200241Ia 4500
003 OSt
005 20220923215208.0
006 a|||||r|||| 00| 0
007 ta
008 220922b |||||||| |||| 00| 0 hin d
024 _a176,489
037 _cTextual
040 _aARTS
_cARTS
_bhin
041 _2hin
_ahin
082 _aO152,1:gNw, L3
100 _aरणजीत
245 0 _aहिन्दी के प्रगतिशील कवि
246 _aHindī ke pragatishīl kavi
260 _aदिल्ली
_b पीपुल्स पब्लि हा0
_c1973
300 _a416 पृ.
_ccm.
942 _hO152,1:gNw, L3
_cTEXL
_2CC
999 _c330039
_d330039